[Event "EU-ch U14 Girls"]
[Site "Prague"]
[Date "2012.08.17"]
[Round "1"]
[White "Khomeriki, Nino"]
[Black "Kafetzi, Angeliki"]
[Result "1-0"]
[WhiteElo "2030"]
[BlackElo "1687"]
[PlyCount "105"]
[EventDate "2012.08.17"]
[EventType "swiss"]
[EventRounds "9"]
[EventCountry "CZE"]
[SourceTitle "CBM 150 Extra"]
[Source "ChessBase"]
[SourceDate "2012.10.19"]
[SourceVersion "1"]
[SourceVersionDate "2012.10.19"]
[SourceQuality "1"]

1. d4 d5 2. Nf3 Nf6 3. e3 e6 4. Bd3 c5 5. b3 Nc6 6. a3 b6 7. Bb2 g6 8. Ne5 Nxe5 9. dxe5 Nd7 10. 0-0 Bg7 11. f4 0-0 12. c4 Bb7 13. Nc3 a6 14. cxd5 exd5 15. Be2 d4 16. exd4 cxd4 17. Qxd4 Nc5 18. Qxd8 Rfxd8 19. b4 Nd3 20. Bxd3 Rxd3 21. Rad1 Rad8 22. Rxd3 Rxd3 23. Rd1 Rxd1+ 24. Nxd1 Bf8 25. Bc3 Be7 26. Ne3 Kf8 27. Kf2 Ke8 28. g4 Kd7 29. Nc4 b5 30. Ne3 Be4 31. Nf1 Bh4+ 32. Ke3 Bg2 33. Nd2 Be1 34. Nb1 Bh4 35. Bd4 Bd8 36. Nc3 Bc6 37. Ne4 Be7 38. Bc5 Bd8 39. Bd6 Bb6+ 40. Kd3 Bg1 41. h3 h6 42. Bc5 Bh2 43. Be3 Kc7 44. Nc5 Kb6 45. Ne6+ Kb7 46. Nd8+ Kc7 47. Nxf7 h5 48. Ng5 hxg4 49. hxg4 Bd7 50. e6 Bc6 51. f5 gxf5 52. gxf5 Be8 53. Ne4 1-0